[Event "Aarhus B"]
[Site "Aarhus"]
[Date "1991.??.??"]
[Round "?"]
[White "Boe, Mads"]
[Black "Nielsen, Jorgen G"]
[Result "1-0"]
[WhiteElo "2355"]
[BlackElo "2260"]
[PlyCount "83"]
[EventDate "1991.??.??"]
[EventType "tourn"]
[EventRounds "7"]
[EventCountry "DEN"]
[SourceTitle "EXT 1998"]
[Source "ChessBase"]
[SourceDate "1997.11.17"]

1. e4 g6 2. d4 Bg7 3. Nc3 c6 4. Nf3 d5 5. h3 Nh6 6. Bf4 f6 7. exd5 cxd5 8. Nb5
O-O 9. c4 Na6 10. cxd5 Qxd5 11. Nc3 Qf5 12. Bh2 Kh8 13. Bd3 Qe6+ 14. Be2 Qb6
15. Qd2 Be6 16. O-O Rfd8 17. Rfd1 Nf5 18. g4 Nd6 19. b3 Bg8 20. Rac1 Qa5 21.
Qe3 Re8 22. Na4 Qd5 23. Nc5 Nb4 24. a3 Nc6 25. Ne1 Na5 26. Bf3 Qf7 27. d5 Qf8
28. Bf4 g5 29. Bh2 f5 30. Qxg5 Rad8 31. Qe3 fxg4 32. hxg4 b6 33. Na6 Qf6 34. g5
Qg6 35. Ng2 Rf8 36. Nh4 Qf7 37. Bg4 Ne4 38. f3 Nc5 39. Nc7 Ncxb3 40. Rb1 Nd4
41. Rxd4 Bxd4 42. Qxd4+ 1-0

[Event "Aarhus B"]
[Site "Aarhus"]
[Date "1991.??.??"]
[Round "?"]
[White "Boe, Mads"]
[Black "Hoiberg, Nina"]
[Result "0-1"]
[WhiteElo "2355"]
[BlackElo "2295"]
[PlyCount "120"]
[EventDate "1991.??.??"]
[EventType "tourn"]
[EventRounds "7"]
[EventCountry "DEN"]
[SourceTitle "EXT 1998"]
[Source "ChessBase"]
[SourceDate "1997.11.17"]

1. e4 e5 2. Nc3 Nf6 3. f4 d5 4. fxe5 Nxe4 5. Nf3 Bg4 6. Qe2 Nxc3 7. dxc3 Nc6 8.
Bf4 Qe7 9. O-O-O O-O-O 10. Qe3 Qc5 11. Qxc5 Bxc5 12. Bb5 a6 13. Bxc6 bxc6 14.
Rde1 Bxf3 15. gxf3 Kd7 16. Bg3 Ke6 17. f4 Kf5 18. Kd2 h5 19. h3 h4 20. Bh2 Bf2
21. Ref1 Bb6 22. Kd3 Rh6 23. Bg1 Rg6 24. Bxb6 cxb6 25. Rhg1 Rxg1 26. Rxg1 Kxf4
27. Rxg7 Kxe5 28. Rh7 Rg8 29. Rxh4 Rg3+ 30. Kd2 f5 31. Rh6 Rg2+ 32. Kd3 c5 33.
Rxb6 c4+ 34. Ke3 f4+ 35. Kf3 Rg3+ 36. Kf2 Rxh3 37. Rxa6 Rh2+ 38. Kf3 Rxc2 39.
Rb6 Rh2 40. Rb8 Rh3+ 41. Ke2 Re3+ 42. Kf2 Ke4 43. a4 Rh3 44. Re8+ Kd3 45. Rb8
Rh1 46. Rb5 Ke4 47. a5 Ra1 48. Ke2 Ra2 49. Kf2 d4 50. Rb4 Kd3 51. Kf3 dxc3 52.
bxc3 Rxa5 53. Kxf4 Kxc3 54. Rb8 Rd5 55. Ke4 Rd7 56. Rc8 Kb3 57. Ke3 c3 58. Rc6
Kb2 59. Rb6+ Kc1 60. Rc6 Kc2 0-1

[Event "Aarhus B"]
[Site "Aarhus"]
[Date "1991.??.??"]
[Round "?"]
[White "Hoiberg, Nina"]
[Black "Pedersen, Erik"]
[Result "1/2-1/2"]
[WhiteElo "2295"]
[BlackElo "2405"]
[PlyCount "30"]
[EventDate "1991.??.??"]
[EventType "tourn"]
[EventRounds "7"]
[EventCountry "DEN"]
[SourceTitle "EXT 1998"]
[Source "ChessBase"]
[SourceDate "1997.11.17"]

1. e4 c6 2. d4 d5 3. f3 dxe4 4. fxe4 e5 5. Nf3 Be6 6. c3 Nd7 7. Bd3 Qc7 8. O-O
O-O-O 9. Be3 Ngf6 10. Kh1 Bd6 11. a4 Rhe8 12. Bg1 Bg4 13. Nbd2 Nh5 14. Nc4 Bf8
15. Qb1 Re6 1/2-1/2

[Event "Aarhus B"]
[Site "Aarhus"]
[Date "1991.??.??"]
[Round "?"]
[White "Hoiberg, Nina"]
[Black "Kjeldsen, Jens"]
[Result "1-0"]
[WhiteElo "2295"]
[BlackElo "2305"]
[PlyCount "35"]
[EventDate "1991.??.??"]
[EventType "tourn"]
[EventRounds "7"]
[EventCountry "DEN"]
[SourceTitle "EXT 1998"]
[Source "ChessBase"]
[SourceDate "1997.11.17"]

1. e4 e6 2. d4 d5 3. Nc3 Bb4 4. Qg4 Nf6 5. Qxg7 Rg8 6. Qh6 dxe4 7. Nge2 Nc6 8.
Bg5 Rg6 9. Qh4 Nxd4 10. O-O-O Nxe2+ 11. Bxe2 Bd7 12. Nxe4 Be7 13. Bxf6 Bxf6 14.
Qxh7 Be5 15. Qh5 Bf4+ 16. Kb1 Rg8 17. Rxd7 Kxd7 18. Qxf7+ 1-0

[Event "Aarhus B"]
[Site "Aarhus"]
[Date "1991.??.??"]
[Round "?"]
[White "Kjeldsen, Jens"]
[Black "Sogaard, Soren"]
[Result "0-1"]
[WhiteElo "2305"]
[BlackElo "2335"]
[PlyCount "50"]
[EventDate "1991.??.??"]
[EventType "tourn"]
[EventRounds "7"]
[EventCountry "DEN"]
[SourceTitle "EXT 1998"]
[Source "ChessBase"]
[SourceDate "1997.11.17"]

1. d4 Nf6 2. c4 g6 3. Nf3 Bg7 4. g3 d6 5. Bg2 O-O 6. O-O c5 7. Nc3 Nc6 8. d5
Na5 9. Nd2 a6 10. Qc2 Rb8 11. b3 b5 12. Bb2 bxc4 13. bxc4 Bh6 14. f4 e5 15.
Rab1 exf4 16. gxf4 Ng4 17. Nd1 Re8 18. Ne4 Bf5 19. h3 Qh4 20. hxg4 Bxe4 21.
Bxe4 Qxg4+ 22. Kh1 Bxf4 23. Rxf4 Qxf4 24. Bd3 Rxb2 25. Rxb2 Re5 0-1

[Event "Aarhus B"]
[Site "Aarhus"]
[Date "1991.??.??"]
[Round "?"]
[White "Kjeldsen, Jens"]
[Black "Kroll, Ove"]
[Result "1-0"]
[WhiteElo "2305"]
[BlackElo "2320"]
[PlyCount "107"]
[EventDate "1991.??.??"]
[EventType "tourn"]
[EventRounds "7"]
[EventCountry "DEN"]
[SourceTitle "EXT 1998"]
[Source "ChessBase"]
[SourceDate "1997.11.17"]

1. d4 e6 2. c4 Bb4+ 3. Nc3 c5 4. d5 Nf6 5. f3 d6 6. Bd2 e5 7. e3 Bf5 8. Nge2 h5
9. Qb3 Nbd7 10. Ng3 Bg6 11. h4 a6 12. e4 Qc7 13. Bd3 Rb8 14. O-O-O Bxc3 15.
Qxc3 b5 16. b3 O-O 17. Nf5 Bxf5 18. exf5 bxc4 19. Bxc4 Nb6 20. Qd3 Qb7 21. Bc3
a5 22. f4 Rfe8 23. fxe5 dxe5 24. Bb5 Nbxd5 25. Bxe8 Rxe8 26. Rhe1 e4 27. Qc4
Nxc3 28. Qxc3 a4 29. Rd2 axb3 30. Qxb3 Qc7 31. Rc2 Qf4+ 32. Qe3 Qxf5 33. Qxc5
Qf4+ 34. Kb1 Rb8+ 35. Ka1 Nd5 36. Rc4 Qd2 37. Rb1 Rxb1+ 38. Kxb1 Qd3+ 39. Kb2
Ne3 40. Rd4 Qe2+ 41. Kb3 f5 42. Rd7 f4 43. a4 Qg4 44. Qe7 Qg6 45. a5 Nxg2 46.
a6 e3 47. a7 Qb1+ 48. Ka4 Qc2+ 49. Kb4 Qb2+ 50. Kc5 Qc3+ 51. Kb6 Qb2+ 52. Kc7
Qc3+ 53. Kb8 e2 54. Qe8+ 1-0

[Event "Aarhus B"]
[Site "Aarhus"]
[Date "1991.??.??"]
[Round "?"]
[White "Kroll, Ove"]
[Black "Nielsen, Jorgen G"]
[Result "1-0"]
[WhiteElo "2320"]
[BlackElo "2260"]
[PlyCount "71"]
[EventDate "1991.??.??"]
[EventType "tourn"]
[EventRounds "7"]
[EventCountry "DEN"]
[SourceTitle "EXT 1998"]
[Source "ChessBase"]
[SourceDate "1997.11.17"]

1. c4 e5 2. Nc3 Nc6 3. g3 f5 4. Bg2 Nf6 5. e3 g6 6. d4 e4 7. f3 exf3 8. Nxf3 d6
9. O-O Bg7 10. d5 Ne7 11. Nd4 O-O 12. b3 Ng4 13. Qd2 Bd7 14. Bb2 c6 15. h3 Ne5
16. Rf2 a5 17. Rc1 Re8 18. Kh2 Nc8 19. Nce2 c5 20. Ne6 Bxe6 21. dxe6 Ra7 22.
Bd5 Ne7 23. e4 Kh8 24. Nc3 fxe4 25. Nxe4 Nf5 26. Ng5 b6 27. Re1 h6 28. Nf7+
Nxf7 29. exf7 Rxe1 30. Bxg7+ Kxg7 31. Qxe1 Re7 32. Qd2 Qf8 33. Qf4 Re5 34. h4
Kh7 35. Qg4 h5 36. Qf4 1-0

[Event "Aarhus B"]
[Site "Aarhus"]
[Date "1991.??.??"]
[Round "?"]
[White "Kroll, Ove"]
[Black "Sogaard, Soren"]
[Result "1/2-1/2"]
[WhiteElo "2320"]
[BlackElo "2335"]
[PlyCount "85"]
[EventDate "1991.??.??"]
[EventType "tourn"]
[EventRounds "7"]
[EventCountry "DEN"]
[SourceTitle "EXT 1998"]
[Source "ChessBase"]
[SourceDate "1997.11.17"]

1. c4 Nf6 2. Nc3 g6 3. e4 d6 4. d4 Bg7 5. f3 O-O 6. Be3 c5 7. dxc5 dxc5 8. Qxd8
Rxd8 9. Bxc5 Nc6 10. Be3 b6 11. Rc1 Ba6 12. Nh3 Rac8 13. Nf2 Nd7 14. Be2 Nd4
15. b3 Ne5 16. O-O Nxe2+ 17. Nxe2 Nd3 18. Rcd1 Nb4 19. a4 Bb7 20. Rxd8+ Rxd8
21. Rd1 Rxd1+ 22. Nxd1 Nc2 23. Kf2 f5 24. Ndc3 Kf7 25. exf5 gxf5 26. Nb5 Nxe3
27. Kxe3 a6 28. Nbc3 e5 29. Nd5 b5 30. axb5 axb5 31. Nec3 bxc4 32. bxc4 h5 33.
Nb5 Bf8 34. Kd3 Bc5 35. g3 Bc6 36. Nbc3 Bg1 37. h3 Bc5 38. Ke2 Bd4 39. g4 fxg4
40. fxg4 hxg4 41. hxg4 Bxd5 42. Nxd5 e4 43. Kd2 1/2-1/2

[Event "Aarhus B"]
[Site "Aarhus"]
[Date "1991.??.??"]
[Round "?"]
[White "Kroll, Ove"]
[Black "Boe, Mads"]
[Result "1-0"]
[WhiteElo "2320"]
[BlackElo "2355"]
[PlyCount "77"]
[EventDate "1991.??.??"]
[EventType "tourn"]
[EventRounds "7"]
[EventCountry "DEN"]
[SourceTitle "EXT 1998"]
[Source "ChessBase"]
[SourceDate "1997.11.17"]

1. c4 f5 2. Nc3 Nf6 3. g3 g6 4. Bg2 Bg7 5. d3 O-O 6. e4 fxe4 7. dxe4 e5 8. Nge2
d6 9. O-O Be6 10. Nd5 Qd7 11. f3 Nc6 12. Be3 Nd8 13. Qd3 Nh5 14. Rad1 b6 15.
Rf2 c6 16. Ndc3 Nb7 17. b3 Rad8 18. Qc2 Rf7 19. Nc1 Qe7 20. Bf1 Bf6 21. Qd2 g5
22. Be2 Kh8 23. b4 Nf4 24. Kh1 d5 25. cxd5 cxd5 26. gxf4 dxe4 27. Qc2 exf4 28.
Bxf4 gxf4 29. Nxe4 Rxd1+ 30. Bxd1 Bd4 31. Rd2 Qh4 32. Nf2 Be3 33. Qe4 Bxd2 34.
Qxe6 Re7 35. Qf5 Re1+ 36. Kg2 Qe7 37. Bb3 Nd6 38. Qd5 Qg7+ 39. Ng4 1-0

[Event "Aarhus B"]
[Site "Aarhus"]
[Date "1991.??.??"]
[Round "?"]
[White "Kroll, Ove"]
[Black "Hoiberg, Nina"]
[Result "1-0"]
[WhiteElo "2320"]
[BlackElo "2295"]
[PlyCount "79"]
[EventDate "1991.??.??"]
[EventType "tourn"]
[EventRounds "7"]
[EventCountry "DEN"]
[SourceTitle "EXT 1998"]
[Source "ChessBase"]
[SourceDate "1997.11.17"]

1. c4 g6 2. Nc3 Bg7 3. d4 d6 4. e4 Nc6 5. Be3 e5 6. d5 Nce7 7. g4 f5 8. gxf5
gxf5 9. Qh5+ Ng6 10. exf5 Qh4 11. Qf3 N6e7 12. Bd3 Nf6 13. Nge2 Qh5 14. Qg2 Rg8
15. Ng3 Qh4 16. Nce4 Nxe4 17. Qxe4 Bf6 18. Qxh4 Bxh4 19. Ke2 Bd7 20. Rag1 O-O-O
21. f6 Ng6 22. f7 Rgf8 23. Nf5 Rxf7 24. Rxg6 Bxf5 25. Bxf5+ Rxf5 26. Rh6 Bg5
27. Rh5 Rg8 28. Rg1 Bd8 29. Rxg8 Rxh5 30. Kf3 Kd7 31. Kg3 Bf6 32. Rf8 Be7 33.
Rb8 b6 34. Rb7 Rh4 35. b3 Bd8 36. Rxa7 Rh5 37. Bxb6 Rg5+ 38. Kh3 Rg7 39. Be3
Ke7 40. Ra8 1-0

[Event "Aarhus B"]
[Site "Aarhus"]
[Date "1991.??.??"]
[Round "?"]
[White "Nielsen, Jorgen G"]
[Black "Sogaard, Soren"]
[Result "1-0"]
[WhiteElo "2260"]
[BlackElo "2335"]
[PlyCount "81"]
[EventDate "1991.??.??"]
[EventType "tourn"]
[EventRounds "7"]
[EventCountry "DEN"]
[SourceTitle "EXT 1998"]
[Source "ChessBase"]
[SourceDate "1997.11.17"]

1. Nf3 Nf6 2. d4 g6 3. g3 Bg7 4. Bg2 O-O 5. O-O d6 6. Nc3 Nbd7 7. e4 e5 8. h3
Re8 9. Re1 exd4 10. Nxd4 Nc5 11. Nb3 Nfd7 12. f4 b6 13. Be3 Bb7 14. Bd4 Ne6 15.
Bxg7 Nxg7 16. g4 Qh4 17. Nd4 Ne6 18. Qd2 Nxd4 19. Qxd4 Nc5 20. Qf2 Qh6 21. g5
Qg7 22. e5 Bxg2 23. Qxg2 Ne6 24. Nd5 Kh8 25. Nf6 Red8 26. exd6 cxd6 27. Qd2
Rac8 28. Rad1 d5 29. Re5 d4 30. Qf2 Rc5 31. Rde1 Rdc8 32. Rxc5 bxc5 33. Qf3 Rd8
34. b3 Qf8 35. h4 Qd6 36. Re4 Ng7 37. Re5 Ne6 38. Ne4 Qc7 39. h5 gxh5 40. Nf6
Ng7 41. Qe4 1-0

[Event "Aarhus B"]
[Site "Aarhus"]
[Date "1991.??.??"]
[Round "?"]
[White "Pedersen, Erik"]
[Black "Kroll, Ove"]
[Result "1/2-1/2"]
[WhiteElo "2405"]
[BlackElo "2320"]
[PlyCount "33"]
[EventDate "1991.??.??"]
[EventType "tourn"]
[EventRounds "7"]
[EventCountry "DEN"]
[SourceTitle "EXT 1998"]
[Source "ChessBase"]
[SourceDate "1997.11.17"]

1. d4 d5 2. c4 c6 3. cxd5 cxd5 4. Nc3 Nc6 5. Nf3 Nf6 6. Bf4 a6 7. e3 Bg4 8. Be2
e6 9. O-O Bd6 10. Bg5 h6 11. Bh4 O-O 12. Rc1 Rc8 13. Na4 Qe7 14. Nc5 Nb8 15.
Nd3 Rc7 16. Rxc7 Qxc7 17. Bxf6 1/2-1/2

[Event "Aarhus B"]
[Site "Aarhus"]
[Date "1991.??.??"]
[Round "?"]
[White "Pedersen, Erik"]
[Black "Boe, Mads"]
[Result "1/2-1/2"]
[WhiteElo "2405"]
[BlackElo "2355"]
[PlyCount "37"]
[EventDate "1991.??.??"]
[EventType "tourn"]
[EventRounds "7"]
[EventCountry "DEN"]
[SourceTitle "EXT 1998"]
[Source "ChessBase"]
[SourceDate "1997.11.17"]

1. d4 c5 2. d5 e5 3. e4 d6 4. Nc3 g6 5. f4 Nd7 6. Nf3 a6 7. a4 b6 8. Be2 Bg7 9.
O-O Ne7 10. Qe1 O-O 11. Qh4 f5 12. Ng5 Nf6 13. fxe5 dxe5 14. d6 Qxd6 15. Rd1
Qc7 16. Bc4+ Kh8 17. Nf7+ Rxf7 18. Bxf7 fxe4 19. Bc4 1/2-1/2